<?xml version="1.0" encoding="UTF-8"?>
<record
    xmlns:xsi="http://www.w3.org/2001/XMLSchema-instance"
    xsi:schemaLocation="http://www.loc.gov/MARC21/slim http://www.loc.gov/standards/marcxml/schema/MARC21slim.xsd"
    xmlns="http://www.loc.gov/MARC21/slim">

  <leader>02776cam a22002295a 4500</leader>
  <controlfield tag="001">18597882</controlfield>
  <controlfield tag="005">20160515152406.0</controlfield>
  <controlfield tag="008">150430t2016    nyu    fr     001 0 eng d</controlfield>
  <datafield tag="020" ind1=" " ind2=" ">
    <subfield code="a">9780814436431</subfield>
  </datafield>
  <datafield tag="040" ind1=" " ind2=" ">
    <subfield code="a">DLC</subfield>
    <subfield code="b">eng</subfield>
    <subfield code="c">DLC</subfield>
    <subfield code="d">DLC</subfield>
    <subfield code="d">EG-ScBUE</subfield>
  </datafield>
  <datafield tag="082" ind1="0" ind2="4">
    <subfield code="a">658.81</subfield>
    <subfield code="2">22</subfield>
    <subfield code="b">WEI</subfield>
  </datafield>
  <datafield tag="100" ind1="1" ind2=" ">
    <subfield code="a">Weinberg, Mike,</subfield>
    <subfield code="d">1967-</subfield>
    <subfield code="9">39981</subfield>
  </datafield>
  <datafield tag="245" ind1="1" ind2="0">
    <subfield code="a">Sales management :</subfield>
    <subfield code="b">simplified : the straight truth about getting exceptional results from your sales team /</subfield>
    <subfield code="c">Mike Weinberg.</subfield>
  </datafield>
  <datafield tag="260" ind1=" " ind2=" ">
    <subfield code="a">New York :</subfield>
    <subfield code="b">American Management Association,</subfield>
    <subfield code="c">c.2016.</subfield>
  </datafield>
  <datafield tag="300" ind1=" " ind2=" ">
    <subfield code="a">xiv, 210 p. ;</subfield>
    <subfield code="c">23 cm.</subfield>
  </datafield>
  <datafield tag="500" ind1=" " ind2=" ">
    <subfield code="a">Index : p. 207-210.</subfield>
  </datafield>
  <datafield tag="505" ind1="0" ind2=" ">
    <subfield code="a">Foreword / by Jeb Blout -- Introduction -- Blunt truth from the front lines : why so many sales -- As goes the leader, so goes the organization -- A sales culture without goals is a sales culture without results -- You can't effectively run a sales team when you're buried in crap -- Playing crm desk jockey does not equate to sales leadership -- You can manage, you can sell, but you can't do both at once -- A sales manager either wants to make heroes or be the hero -- Sales suffer when the manager wears the fire chief's helmet -- The trouble with one size fits all sales talent deployment is that one size -- Turning a blind eye to the perennial underperformer does more damage -- Than you realize -- Compensation and complacency start with the same four letters -- An anti-sales culture disengages the heart of the sales team -- The big ego senior executive "sales expert" often does more harm than good -- Entrepreneurial, visionary leaders forget that their people can't do what they can do -- The lack of coaching and mentoring produces ineffective salespeople -- Amateurish salespeople are perceived simply as vendors, pitchmen and commodity sellers -- Sales leaders chase shiny new toys searching for the magic bullet -- Practical help and a simple framework to get exceptional results from your sales team -- A simple framework provides clarity to the sales manager -- A healthy sales culture changes everything -- Sales managers must radically reallocate their time to create a winning -- Sales culture -- Regular 1:1 results-focused meetings between sales manager and each salesperson will transform your sales culture -- Productive sales meetings align, equip, and energize the team -- Sales managers must get out in the field with salespeople -- Talent management can make or break the sales leader -- Strategic targeting : point your team in the right direction -- The sales manager must ensure the team is armed for battle -- Sales managers must monitor the battle and be ruthless with their time -- Index.</subfield>
  </datafield>
  <datafield tag="650" ind1=" " ind2="7">
    <subfield code="a">Selling.</subfield>
    <subfield code="2">BUEsh</subfield>
    <subfield code="9">11642</subfield>
  </datafield>
  <datafield tag="650" ind1=" " ind2="7">
    <subfield code="a">Business planning.</subfield>
    <subfield code="2">BUEsh</subfield>
    <subfield code="9">3321</subfield>
  </datafield>
  <datafield tag="653" ind1=" " ind2=" ">
    <subfield code="b">BUSADM</subfield>
    <subfield code="c">May2016</subfield>
  </datafield>
  <datafield tag="942" ind1=" " ind2=" ">
    <subfield code="2">ddc</subfield>
  </datafield>
  <datafield tag="999" ind1=" " ind2=" ">
    <subfield code="c">21744</subfield>
    <subfield code="d">21716</subfield>
  </datafield>
  <datafield tag="952" ind1=" " ind2=" ">
    <subfield code="0">0</subfield>
    <subfield code="1">0</subfield>
    <subfield code="2">ddc</subfield>
    <subfield code="4">0</subfield>
    <subfield code="7">0</subfield>
    <subfield code="8">Alahram</subfield>
    <subfield code="a">MAIN</subfield>
    <subfield code="b">MAIN</subfield>
    <subfield code="c">1ST</subfield>
    <subfield code="d">2016-05-15</subfield>
    <subfield code="e">Purchase</subfield>
    <subfield code="g">266.00</subfield>
    <subfield code="l">1</subfield>
    <subfield code="m">7</subfield>
    <subfield code="o">658.81 WEI</subfield>
    <subfield code="p">000032488</subfield>
    <subfield code="r">2025-07-15 00:00:00</subfield>
    <subfield code="s">2016-10-11</subfield>
    <subfield code="v">332.50</subfield>
    <subfield code="y">BB</subfield>
  </datafield>
</record>
